000 00402nam a2200145Ia 4500
008 230917s9999||||xx |||||||||||||| ||und||
040 _e74087
_aMAIN
041 _aEnglish
082 _a658.4 H529M
100 _aHicks, Herbert G
245 0 _aModern business management: a system and environmental approach
260 _aTokyo
_bMcGraw-Hill Kogakusha
_c1974
300 _axxiv, 536 p.
942 _cBK
999 _c200410
_d200410